Λόγος περί πολιτικής οικονομίας = Discours sur l' economie politique

Saved in:
Bibliographic Details
Main Author: Rousseau, Jean-Jacques, 1712-1778
Other Authors: Γκιούρας, Θανάσης (Editor), Γράβαρης, Διονύσης Ν. (Editor)
Format: Book
Language:Greek
French
Published: Αθήνα : Σαββάλας, 2004.
Series:(Κοινωνικές επιστήμες)
Subjects:
Tags: Add Tag
No Tags, Be the first to tag this record!

MARC

LEADER 00000cam a2200000 i 4500
001 1/67919
008 041209s2004 gr | ||| |||| ||gre||
020 |a 960423059X 
035 |l 10075678 
040 |a GR-MyUA  |b gre  |e AACR2 
041 1 |a gre  |h fre 
100 1 |a Rousseau, Jean-Jacques,   |d 1712-1778. 
245 1 0 |a Λόγος περί πολιτικής οικονομίας =   |b Discours sur l' economie politique /   |c Jean-Jacques Rousseau ; εισαγωγή-επιμέλεια Θανάσης Γκιούρας, Διονύσης Γράβαρης ; μετάφραση κατερίνα Γεωργοπούλου.  
260 |a Αθήνα :   |b Σαββάλας,   |c 2004.  
300 |a 145 σ. ;   |c 24 εκ.  
490 1 |a (Κοινωνικές επιστήμες)  
500 |a Τίτλος πρωτοτύπου: Discours sur l'economie politique.  
650 0 0 |a Political science  |v Early works to 1800. 
650 0 0 |a Social contract  |x Early works to 1800. 
650 0 0 |a Economics  |x Early works to 1800. 
700 1 |a Γκιούρας, Θανάσης,  |e edt 
700 1 |a Γράβαρης, Διονύσης Ν.  |e edt 
852 |a INST  |b LESVOS  |e 20050707  |h 330.01 ROU  |p 005100032048  |q 005100032048  |t BK  |y 0 
852 |a INST  |b LESVOS  |e 20191002  |h 330.01 ROU  |p 005100061774  |q 005100061774  |t BK  |y 0 
852 |a INST  |b RHODES  |e 20041209  |h 330.01 ROU  |p 005400018052  |q 005400018052  |t BK  |y 0 
901 |a BIBL4-2005-1 
901 |a BIBL1-2005-2 
909 |a Ρ  |b 110210 
909 |a Λ  |b 118376 
920 |a ΕΠΕΑΕΚ ΚΟΙΝΩΝΙΚΗΣ ΑΝΘΡΩΠΟΛΟΓΙΑΣ ΚΑΙ ΙΣΤΟΡΙΑΣ  |y Λέσβος  |z 2005-04 
922 |a 4ΕΛΗ  |b 200412  |c ΒΙΒΛΙΟΘΗΚΗ  |d ΔΕΝΤΡΟ 
950 |a 094 
970 |a ΧΟΡΟΖΙΔΟΥ  |b ΤΖΕΝΗ  |z 2005/01/20